<?xml version="1.0" encoding="UTF-8"?>
<record
    xmlns:xsi="http://www.w3.org/2001/XMLSchema-instance"
    xsi:schemaLocation="http://www.loc.gov/MARC21/slim http://www.loc.gov/standards/marcxml/schema/MARC21slim.xsd"
    xmlns="http://www.loc.gov/MARC21/slim">

  <leader>01882nam a22002297a 4500</leader>
  <controlfield tag="001">9639</controlfield>
  <controlfield tag="003">FISKH</controlfield>
  <controlfield tag="005">20260127120250.0</controlfield>
  <controlfield tag="008">260127b        cb ||||| |||| 00| 0 eng d</controlfield>
  <datafield tag="020" ind1=" " ind2=" ">
    <subfield code="a">9780008629212</subfield>
  </datafield>
  <datafield tag="040" ind1=" " ind2=" ">
    <subfield code="a">FISKH</subfield>
    <subfield code="b">eng</subfield>
    <subfield code="c">FISKH</subfield>
    <subfield code="d">FISKH</subfield>
  </datafield>
  <datafield tag="082" ind1=" " ind2=" ">
    <subfield code="a">813.6</subfield>
  </datafield>
  <datafield tag="100" ind1=" " ind2=" ">
    <subfield code="a">Mafi, Tahereh </subfield>
  </datafield>
  <datafield tag="245" ind1=" " ind2=" ">
    <subfield code="a">Every spiral of fate /</subfield>
    <subfield code="c">Tahereh Mafi</subfield>
  </datafield>
  <datafield tag="260" ind1=" " ind2=" ">
    <subfield code="a">London : </subfield>
    <subfield code="b">Electric Monkey, </subfield>
    <subfield code="c">2025.</subfield>
  </datafield>
  <datafield tag="300" ind1=" " ind2=" ">
    <subfield code="a">468 pages : </subfield>
    <subfield code="c">22 cm </subfield>
  </datafield>
  <datafield tag="490" ind1=" " ind2=" ">
    <subfield code="a">This Woven Kingdom : </subfield>
    <subfield code="v">Book four </subfield>
  </datafield>
  <datafield tag="520" ind1=" " ind2=" ">
    <subfield code="a">At long last, the wedding day has arrived.

The Jinn queen and the enigmatic ruler of Tulan are to be married in a magical, enchanted ceremony&#xFFFD;but Cyrus, tethered by a blood oath to his bride-to-be, can find nothing to celebrate in this union. He's falling ever more deeply in love with the one person oathbound to kill him.

Sworn to an ancient, unbreakable magic, Alizeh can only fulfill the prophecy to free her people by ensuring Cyrus dies by her own hand. And Cyrus is forced to await his end all while Prince Kamran inches closer, ready to take his place by Alizeh's side.

The countdown to murder coils tensions ever tighter, but the historic wedding has already drawn deadly attention. To prepare for war and protect her people, Alizeh must finally discover her magic&#x97;and outrun the enemies trying to stop her.

Alizeh and Cyrus, along with Kamran and their friends from Ardunia, must flee on dragon-back to begin the perilous journey into the legendary mountains of Arya, where a firestorm of revelations, magical discoveries, and fresh allies awaits them. Every allegiance will be tested, every darkness uncovered, and when the shattering secrets of the Tulanian king are finally revealed . . .

Nothing, and no one, will be the same.
</subfield>
  </datafield>
  <datafield tag="650" ind1=" " ind2=" ">
    <subfield code="a">Fantasy</subfield>
    <subfield code="v">This Woven Kingdom</subfield>
    <subfield code="x">Imported magic </subfield>
    <subfield code="y">Mythology</subfield>
  </datafield>
  <datafield tag="942" ind1=" " ind2=" ">
    <subfield code="2">ddc</subfield>
    <subfield code="c">BK</subfield>
    <subfield code="n">0</subfield>
  </datafield>
  <datafield tag="999" ind1=" " ind2=" ">
    <subfield code="c">9639</subfield>
    <subfield code="d">9639</subfield>
  </datafield>
  <datafield tag="952" ind1=" " ind2=" ">
    <subfield code="0">0</subfield>
    <subfield code="1">0</subfield>
    <subfield code="2">ddc</subfield>
    <subfield code="4">0</subfield>
    <subfield code="7">0</subfield>
    <subfield code="8">FIC</subfield>
    <subfield code="a">001</subfield>
    <subfield code="b">001</subfield>
    <subfield code="c">ATKSF</subfield>
    <subfield code="d">2026-01-27</subfield>
    <subfield code="l">0</subfield>
    <subfield code="o">MAF 813.6 </subfield>
    <subfield code="p">2026-0156</subfield>
    <subfield code="r">2026-01-27 12:02:47</subfield>
    <subfield code="t">1</subfield>
    <subfield code="w">2026-01-27</subfield>
    <subfield code="y">BK</subfield>
  </datafield>
</record>
